000 00540nam a2200181Ia 4500
005 20250326123753.0
008 250326s9999 xx 000 0 und d
037 _aTextbook
040 _aFMSL
_beng
_cFMSL
041 _aeng
_2eng
084 _aS J9
_qFMSL
100 _aAttneave F
_987310
245 0 _aApplications of information theory to psychology: summary of basic concepts, methods, and results
_cAttneave F
260 _aNY
_bNY, Holt-Dryden
_c1959
300 _a120p
942 _cTB
_hS J9
999 _c1270891
_d1270891